000 00649nam a2200205Ia 4500
003 GCL
008 140319s9999 xx 000 0 ara d
040 _aGCL /
_cGCL
082 0 4 _a822.008
_bج ل
100 1 _aجالزورذى، جون
245 1 0 _aاللعبة الغادرة /
_cجالزورذى، جون
700 1 _aفؤاد اندراوس
700 1 _aشوقى السكرى
300 _a184 ص
490 _aروائع المسرح العالمى
_v0
650 0 4 _aالادب الانجليزى
650 0 4 _aالمسرح الانجليزى
650 0 4 _aالمسرحيات الانجليزية المترجمة
942 _2ddc
_cBK
999 _c38219
_d38219